000 00755nam a2200205 i 4500
001 90234
003 ES-MaACL
005 20230906180404.0
008 050119s1969 sp a |||| | spa d
100 1 _aLedesma Buitrago, Alonso de.
_971151
245 1 0 _aConceptos espirituales y morales /
_cAlonso de Ledesma Buitrago ; edición, introducción y notas de Eduardo Juliá Martínez.
260 _aMadrid :
_bInstituto Miguel de Cervantes,
_c1969.
300 _a3 v. :
_bil. ;
_c18 cm.
490 1 _aBiblioteca de libros hispánicos
700 1 _aJuliá Martínez, Eduardo.
_967238
710 2 _aInstituto "Miguel de Cervantes"
_95133
830 0 _aBiblioteca de libros hispánicos
_9231934
852 _aES-MaACL
_jC-55378-80
999 _c90234
_d90234